| 000 -ლიდერი |
| ფიქსირებული სიგრძის საკონტროლო ველი |
01437nam a22002417a 4500 |
| 003 - საკონტროლო ნომრის იდენტიფიკატორი |
| საკონტროლო ველი |
Ge_BSU |
| 005 - ბოლო ოპერაციის თარიღი და დრო |
| საკონტროლო ველი |
20230706160857.0 |
| 008 - ფიქსირებული სიგრძის მონაცემთა ელემენტები - ზოგადი ინფორმაცია |
| ფიქსირებული სიგრძის საკონტროლო ველი |
230706s2008ge xxu||||| |||| 00| 0 geo d |
| 020 ## - წიგნის საერთაშორისო სტანდარტული ნომერი |
| International Standard Book Number |
9789941121913 |
| 041 ## - ენის კოდი |
| Language code of text/sound track or separate title |
geo |
| 080 ## - უნივერსალური ათობითი კლასიფიკაციის ინდექსი |
| Universal Decimal Classification number |
392(=353.1)გ-59 |
| 100 ## - მთავარი ჩანაწერი - პიროვნების სახელი |
| Personal name |
გოგუაძე, ვახტანგ, ავტორი. |
| 9 (RLIN) |
19183 |
| 245 ## - ცნობა სათაურის შესახებ |
| Title |
ერი გულადი, პურადი... = A nation brave and bounteous : |
| Remainder of title |
[ქართული ზნე-ჩვეულებები და თანამედროვეობა] / |
| Statement of responsibility, etc |
ვახტანგ გოგუაძე ; რედაქტორი ზურაბ გაიპარაშვილი ; მხატვარი ლევან ცუცქირიძე. |
| 250 ## - გამოცემის ცნობა |
| Edition statement |
მე-2 გამოცემა. |
| 264 ## - წარმოების, გამოცემის, დისტრიბუციის და სხვა ცნობები |
| გამოცემის, წარმოების, დისტრიბუციის... ადგილი |
თბილისი : |
| გამოცემის, წარმოების, დისტრიბუციის... სახელწოდება |
უნივერსალი, |
| გამოცემის, წარმოების, დისტრიბუციის... თარიღი |
2008. |
| 300 ## - ფიზიკური აღწერა |
| Extent |
210 გვ. : |
| Other physical details |
ფოტ. ; |
| Dimensions |
21 სმ. |
| 500 ## - ზოგადი შენიშვნა |
| General note |
პირთა საძიებელი: გვ. 199-205. |
| 504 ## - BIBLIOGRAPHY, ETC. NOTE |
| Bibliography, etc |
ბიბლიოგრაფია ტექსტის შენიშვნებში და გვ. 206- |
| 653 ## - INDEX TERM--UNCONTROLLED |
| Uncontrolled term |
ქართული ტრადიციები. |
| 700 ## - ADDED ENTRY--PERSONAL NAME |
| Personal name |
გაიპარაშვილი, ზურაბ |
| Relator term |
რედაქტორი |
| 9 (RLIN) |
8311 |
| 700 ## - ADDED ENTRY--PERSONAL NAME |
| Personal name |
ცუცქირიძე, ლევან |
| Relator term |
მხატვარი |
| 9 (RLIN) |
3736 |
| 942 ## - ADDED ENTRY ELEMENTS (KOHA) |
| Source of classification or shelving scheme |
|
| Koha item type |
წიგნი |